000 00417nam a2200181Ia 4500
003 OSt
005 20220530103326.0
008 210210b1925 xxu||||| |||| 00| 0 eng d
040 _cAL
041 _aFrench
082 _a444/492
100 _aMERIMEE (P)
_939543
245 _aColomba
260 _aLondon
_bThomas Nelson and Sons Limited
_c1925
690 _aFrench
_939545
906 _a006687
942 _2ddc
_cBK
999 _c129677
_d129677